<?xml version="1.0" encoding="UTF-8"?>
<record
    xmlns:xsi="http://www.w3.org/2001/XMLSchema-instance"
    xsi:schemaLocation="http://www.loc.gov/MARC21/slim http://www.loc.gov/standards/marcxml/schema/MARC21slim.xsd"
    xmlns="http://www.loc.gov/MARC21/slim">

  <leader>02115naa a2200265 i 4500</leader>
  <controlfield tag="001">2676</controlfield>
  <controlfield tag="003">KOSZ 005</controlfield>
  <controlfield tag="005">20180315113535.0</controlfield>
  <controlfield tag="008">140711s2009    pl     f     |100 0    </controlfield>
  <datafield tag="040" ind1=" " ind2=" ">
    <subfield code="c">BPK</subfield>
    <subfield code="d">KOSZ 005/EG</subfield>
  </datafield>
  <datafield tag="080" ind1=" " ind2=" ">
    <subfield code="a">664.014</subfield>
  </datafield>
  <datafield tag="100" ind1="1" ind2=" ">
    <subfield code="a">DYMKOWSKA-MALESA, Maria.</subfield>
    <subfield code="d">2006 - .</subfield>
    <subfield code="b">Politechnika Koszali&#x144;ska - Wydzia&#x142; Mechaniczny,</subfield>
    <subfield code="c">Katedra Proces&#xF3;w i Urz&#x105;dze&#x144; Przemys&#x142;u Spo&#x17C;ywczego</subfield>
  </datafield>
  <datafield tag="245" ind1="1" ind2="0">
    <subfield code="a">Ocena organoleptyczna jogurt&#xF3;w probiotycznych =</subfield>
    <subfield code="b">Sensoric evaluation of probiotic yoghurts /</subfield>
    <subfield code="c">Katarzyna Jung, Maria Dymkowska-Malesa, Agnieszka Plawgo.</subfield>
  </datafield>
  <datafield tag="246" ind1="3" ind2="1">
    <subfield code="a">Sensoric evaluation of probiotic yoghurts</subfield>
  </datafield>
  <datafield tag="500" ind1=" " ind2=" ">
    <subfield code="a">Dane z autopsji.</subfield>
  </datafield>
  <datafield tag="520" ind1=" " ind2=" ">
    <subfield code="a">Celem pracy by&#x142;y badania organoleptyczne i fizyko-chemiczne jogurt&#xF3;w probiotycznych. Od lat obserwuje si&#x119; du&#x17C;e zainteresowanie &#x17C;ywno&#x15B;ci&#x105; funkcjonaln&#x105;, kt&#xF3;ra opr&#xF3;cz w&#x142;a&#x15B;ciwo&#x15B;ci &#x17C;ywieniowych - wywiera wp&#x142;yw na zdrowie cz&#x142;owieka, jego samopoczucie oraz zmniejsza ryzyko chor&#xF3;b cywilizacyjnych. Przyk&#x142;adem &#x17C;ywno&#x15B;ci probiotycznej s&#x105; jogurty nowej generacji, kt&#xF3;re pod wzgl&#x119;dem zdrowotnym spe&#x142;niaj&#x105; zalecenia &#x17C;ywno&#x15B;ciowe, &#x142;&#x105;cz&#x105;c w sobie walory smakowe, atrakcyjny wygl&#x105;d oraz korzystne w&#x142;a&#x15B;ciwo&#x15B;ci od&#x17C;ywcze i dietetyczne.</subfield>
  </datafield>
  <datafield tag="650" ind1=" " ind2="0">
    <subfield code="a">Jogurt.</subfield>
  </datafield>
  <datafield tag="650" ind1=" " ind2="0">
    <subfield code="a">Probiotyki .</subfield>
  </datafield>
  <datafield tag="655" ind1=" " ind2="0">
    <subfield code="a">Materia&#x142;y konferencyjne.</subfield>
  </datafield>
  <datafield tag="711" ind1="2" ind2="2">
    <subfield code="a">Konferencja Student&#xF3;w i M&#x142;odych Pracownik&#xF3;w Nauki Wydzia&#x142;u Mechanicznego</subfield>
    <subfield code="n">(6 ;</subfield>
    <subfield code="d">2009 ;</subfield>
    <subfield code="c">Koszalin, Polska).</subfield>
  </datafield>
  <datafield tag="711" ind1="2" ind2="2">
    <subfield code="a">Og&#xF3;lnopolska Konferencja Studenckich K&#xF3;&#x142; Naukowych Uczelni Technicznych</subfield>
    <subfield code="n">(2 ;</subfield>
    <subfield code="d">2009 ;</subfield>
    <subfield code="c">Koszalin, Polska).</subfield>
  </datafield>
  <datafield tag="773" ind1="0" ind2=" ">
    <subfield code="i">W :</subfield>
    <subfield code="t">Materia&#x142;y VI Konferencji Student&#xF3;w i M&#x142;odych Pracownik&#xF3;w Nauki Wydzia&#x142;u Mechanicznego oraz II Og&#xF3;lnopolskiej Konferencji Studenckich K&#xF3;&#x142; Naukowych Uczelni Technicznych : XXXI Tydzie&#x144; Kultury Studenckiej / pod red. Marka Fligla, Leona Kukie&#x142;ki. -</subfield>
    <subfield code="d">Koszalin : Wydaw. Uczelniane Politechniki Koszali&#x144;skiej, 2009. -</subfield>
    <subfield code="g">s. 109-116</subfield>
  </datafield>
  <datafield tag="700" ind1="1" ind2=" ">
    <subfield code="a">SZPARAGA, Agnieszka.</subfield>
    <subfield code="d">2008 - .</subfield>
    <subfield code="b">Politechnika Koszali&#x144;ska - Wydzia&#x142; Mechaniczny,</subfield>
    <subfield code="c">Katedra Biochemii i Biotechnologii</subfield>
  </datafield>
  <datafield tag="942" ind1=" " ind2=" ">
    <subfield code="c">ROZ</subfield>
    <subfield code="2">UKD</subfield>
  </datafield>
  <datafield tag="999" ind1=" " ind2=" ">
    <subfield code="c">2676</subfield>
    <subfield code="d">2676</subfield>
  </datafield>
  <datafield tag="952" ind1=" " ind2=" ">
    <subfield code="0">0</subfield>
    <subfield code="1">0</subfield>
    <subfield code="4">0</subfield>
    <subfield code="7">0</subfield>
    <subfield code="a">BPK</subfield>
    <subfield code="b">BPK</subfield>
    <subfield code="o">94648</subfield>
    <subfield code="y">ROZ</subfield>
  </datafield>
</record>
